Measured building surveys: 'the intelligent way' (Record no. 72920)
[ view plain ]
| 000 -LEADER | |
|---|---|
| fixed length control field | 01466cam a2200253 4500 |
| 001 - CONTROL NUMBER | |
| control field | ABS66813 |
| 008 - FIXED-LENGTH DATA ELEMENTS--GENERAL INFORMATION | |
| fixed length control field | 030625n2003 000 0 eng u |
| 035 ## - SYSTEM CONTROL NUMBER | |
| System control number | (Sirsi) u122740 |
| 100 ## - MAIN ENTRY--PERSONAL NAME | |
| Personal name | Roberts, A. |
| 245 ## - TITLE STATEMENT | |
| Title | Measured building surveys: 'the intelligent way' |
| 260 ## - PUBLICATION, DISTRIBUTION, ETC. | |
| Date of publication, distribution, etc. | 2003 |
| 490 ## - SERIES STATEMENT | |
| Series statement | Geomatics World |
| Volume/sequential designation | 11(4) May/June 2003, 26-28(3) |
| 520 ## - SUMMARY, ETC. | |
| Summary, etc. | Examines the use of geomatics and surveying software to conduct measured building surveys. Illustrates how specifically written surveying software can be used to determine the amount of space within a building, refurbish the same office space and provide additional data for facilities managers. Compares the process of measuring buildings with software to traditional surveying methods and points out that software is simply a data collection tool and does not replace the fundamental principles of measuring buildings. However, digital data collection systems do have many advantages such as reducing office processing time and increasing productivity. Concludes by dispelling two myths; this kind of software does allow the required level of detail and can be used for all types of buildings. Diagrams. |
| 590 ## - LOCAL NOTE (RLIN) | |
| Local note | ABS |
| 650 ## - SUBJECT ADDED ENTRY--TOPICAL TERM | |
| Topical term or geographic name entry element | BUILDING SURVEYS |
| 650 ## - SUBJECT ADDED ENTRY--TOPICAL TERM | |
| Topical term or geographic name entry element | SURVEYING TECHNOLOGY |
| 650 ## - SUBJECT ADDED ENTRY--TOPICAL TERM | |
| Topical term or geographic name entry element | SURVEYING INSTRUMENTS |
| 650 ## - SUBJECT ADDED ENTRY--TOPICAL TERM | |
| Topical term or geographic name entry element | BUILDING MEASUREMENT |
| 650 ## - SUBJECT ADDED ENTRY--TOPICAL TERM | |
| Topical term or geographic name entry element | DATA CAPTURE SYSTEMS |
| 650 ## - SUBJECT ADDED ENTRY--TOPICAL TERM | |
| Topical term or geographic name entry element | DIGITAL DATA |
| 650 ## - SUBJECT ADDED ENTRY--TOPICAL TERM | |
| Topical term or geographic name entry element | SOFTWARE |
| 690 ## - LOCAL SUBJECT ADDED ENTRY--TOPICAL TERM (OCLC, RLIN) | |
| Topical term or geographic name as entry element | Geomatics |
| 9 (RLIN) | 6242 |
| 942 ## - ADDED ENTRY ELEMENTS (KOHA) | |
| Suppress in OPAC | 0 |
| Withdrawn status | Lost status | Source of classification or shelving scheme | Damaged status | Not for loan | Home library | Current library | Shelving location | Date acquired | Total Checkouts | Full call number | Barcode | Date last seen | Copy number | Price effective from | Koha item type |
|---|---|---|---|---|---|---|---|---|---|---|---|---|---|---|---|
| Dewey Decimal Classification | London | London | Journal article | 25/06/2003 | ABS66813 | 122740-1001 | 06/08/2019 | 1 | 06/08/2019 | Journal article |